000 01031cam a22002054a 4500
005 20250605164137.0
008 250528s ||||||||||||||||||||||||d
035 _a18814
020 _a137876491
040 _aGR-AtMCL
_bgre
_dGR-AtMCL
_eAACR2
245 1 _aCriminal Behaviour / A Psychosocial Approach
250 _a5th
260 _bPrentice Hall,
_c1980
300 _a494
520 _aPreface, Introduction to Criminal Behavior, Juvenile Delinquency: Developmental Factors, Origins of Criminal Behavior: Biological Factors, The Psychopath: A Focus on Biopsychological Factors, Origins of Criminal Behavior: Learning Factors, The Mentally Disordered Offender, Human Aggression and Violence, Criminal Homicide and Assault, Criminal Homicide: A Closer Look, Sexual Offenses, Economic Crime and Public Order Crime and Other Crime, Drugs and Crime, Correctional Psychology, Cases Cited, Glossary, References, Author and Subject Index.
700 1 _aBartol Curt R.
_95076
942 _cBK
999 _c4127
_d4127